000 01161cam a2200313 i 4500
001 24336
003 Mx-PuUPA
005 20250521143715.0
008 250521s2012 inu gr 000 0 spa d
020 _a9781463316747
_qtapa blanda
040 _aMx-PuUPA
_bspa
_cMx-PuUPA
_dMx-PuUPA
_erda
041 0 _aspa
043 _an-mx---
100 1 _aMontiel Morales, Gabriel,
_eautor
_917051
245 1 0 _aCómo tener éxito en la consultoría fiscal /
_cGabriel Montiel Morales
264 1 _aBloomington, IN :
_bPalibrio,
_c©2012
300 _a183 páginas ;
_c23 cm
336 _2rdacontent
_atexto
_btxt
337 _2rdamedia
_asin medio
_bn
338 _2rdacarrier
_avolumen
_bnc
650 7 _2armarc
_aEmpresas
_xFinanzas
_zMéxico
650 7 _2armarc
_aEmpresas comerciales
_xFinanzas
_zMéxico
650 7 _2armarc
_aIndustria de planificación financiera
_zMéxico
650 7 _2armarc
_aIndustria de planificación financiera
_xOrientación profesional
_zMéxico
942 _2ddc
_cLI
_h658.150972
_iM73
999 _c24336
_d24336